000 00499nam a2200205Ia 4500
001 12952
003 GE_BSU
008 181216s||||||||xx |||||||||||||| ||und||
020 _a9780007268894
040 _cGE_BSU
080 _a821.111-32
100 _aSmith,Penny.
245 _aComing up next.Breakfast just got bitchier.
260 _aLondon.
260 _bHarper Perennial.
260 _c2008
300 _a327p;20cm.
653 _aComing up next.Breakfast just got bitchier.
942 _cBK
999 _c46121
_d46121